| 000 | 00649nam a2200217Ia 4500 | ||
|---|---|---|---|
| 005 | 20241129110100.0 | ||
| 008 | 241129s9999||||xx |||||||||||||| ||und|| | ||
| 020 | _a978-1-032-66934-2 | ||
| 037 | _aTB | ||
| 040 |
_aARTS _beng _cARTS |
||
| 041 |
_aeng _2eng |
||
| 084 |
_aP:33 R3 _qARTS |
||
| 100 |
_ade Barros Solange M. Ed.; Resende Viviane Ed. _9727143 |
||
| 245 | 0 |
_aColoniality in discourse studies: a radical critique _cde Barros Solange M. Ed.; Resende Viviane Ed. |
|
| 260 |
_aUK _bRoutledge _c2024 |
||
| 300 | _axi,159p. | ||
| 365 |
_aINR _b1295 |
||
| 650 | _aLinguistics | ||
| 942 |
_cTB _hP:33 R3 |
||
| 999 |
_c1227234 _d1227234 |
||